[Event "Titled Tuesday intern op 16th May Early"]
[Site "Chess.com INT"]
[Date "2023.05.16"]
[Round "5"]
[White "Orlov, Georgi"]
[Black "Sokolovsky, Yahli"]
[Result "0-1"]
[WhiteElo "2453"]
[BlackElo "2461"]
[PlyCount "88"]
[EventDate "2023.05.16"]
[EventType "swiss (blitz)"]
[EventRounds "11"]
[EventCountry "USA"]
[SourceTitle "CBM 214 Extra"]
[Source "ChessBase"]
[SourceDate "2023.07.31"]
[SourceVersion "1"]
[SourceVersionDate "2023.07.31"]
[SourceQuality "1"]

1. d4 d5 2. Nf3 c6 3. c4 e6 4. Nbd2 f5 5. g3 Nf6 6. Bg2 Nbd7 7. 0-0 Bd6 8. b3 Ne4 9. Bb2 0-0 10. e3 b6 11. Qc2 Ba6 12. Rfd1 Rc8 13. Ne5 Bxe5 14. dxe5 Qc7 15. f4 Nxd2 16. Rxd2 Rfd8 17. Ba3 Nc5 18. Rc1 dxc4 19. Rxd8+ Rxd8 20. bxc4 Qd7 21. Bxc5 bxc5 22. Bf1 Kf7 23. Qa4 Qd2 24. Qa3 Rb8 25. Qc3 Rb2 26. Qxd2 Rxd2 27. Rc3 Rxa2 28. Rd3 Ke7 29. Rd6 Bb7 30. g4 g6 31. gxf5 gxf5 32. Bg2 Ra6 33. Kf2 Rb6 34. Kg3 a5 35. Rd3 a4 36. Ra3 Rb4 37. Bf1 Ba6 38. Bd3 Bxc4 39. Bc2 Bb3 40. Bxb3 axb3 41. Ra7+ Kd8 42. Ra8+ Kc7 43. Ra7+ Kb6 44. Ra1 b2 0-1

[Event "Titled Tuesday intern op 02nd May Early"]
[Site "Chess.com INT"]
[Date "2023.05.02"]
[Round "3"]
[White "Kraus, Tomas"]
[Black "Orlov, Georgi"]
[Result "0-1"]
[WhiteElo "2473"]
[BlackElo "2453"]
[PlyCount "82"]
[EventDate "2023.05.02"]
[EventType "swiss (blitz)"]
[EventRounds "11"]
[EventCountry "USA"]
[SourceTitle "EXT 2024"]
[Source "ChessBase"]
[SourceDate "2023.10.10"]
[SourceVersion "1"]
[SourceVersionDate "2023.10.10"]
[SourceQuality "1"]

1. e4 d6 2. d4 Nf6 3. Nc3 c6 4. a4 g6 5. g3 Bg7 6. Bg2 0-0 7. Nge2 e5 8. h3 Na6 9. 0-0 Qc7 10. Be3 Re8 11. Re1 exd4 12. Bxd4 Nc5 13. e5 Rxe5 14. Bxe5 dxe5 15. Nc1 Bf5 16. Qe2 Re8 17. Nd3 Bxd3 18. cxd3 Nb3 19. Rad1 Nd4 20. Qd2 Rd8 21. Qc1 Qa5 22. Qg5 Re8 23. Kh2 h6 24. Qc1 Nd7 25. Qa1 Nc2 26. Qa2 Nxe1 27. Rxe1 Re6 28. Qb3 Qc7 29. Ne4 a5 30. Rc1 Kh7 31. Qc4 Qb6 32. Rc2 Bf8 33. h4 Qb4 34. Bh3 Qxc4 35. Rxc4 f5 36. h5 Nb6 37. Rc1 Bb4 38. b3 Re7 39. hxg6+ Kxg6 40. Nc5 Nd5 41. Rd1 Bxc5 0-1

[Event "Titled Tuesday intern op 02nd May Early"]
[Site "Chess.com INT"]
[Date "2023.05.02"]
[Round "9"]
[White "Makhmudov, Shukhrat"]
[Black "Orlov, Georgi"]
[Result "1-0"]
[WhiteElo "2115"]
[BlackElo "2453"]
[PlyCount "103"]
[EventDate "2023.05.02"]
[EventType "swiss (blitz)"]
[EventRounds "11"]
[EventCountry "USA"]
[SourceTitle "EXT 2024"]
[Source "ChessBase"]
[SourceDate "2023.10.10"]
[SourceVersion "1"]
[SourceVersionDate "2023.10.10"]
[SourceQuality "1"]

1. e4 d6 2. Nf3 Nf6 3. Nc3 c6 4. d4 Bg4 5. Be2 e6 6. Be3 Be7 7. Qd2 d5 8. exd5 cxd5 9. Bb5+ Nbd7 10. Ne5 a6 11. Bxd7+ Nxd7 12. Nxg4 0-0 13. f3 Qc7 14. 0-0 Bd6 15. f4 Rac8 16. Ne5 Nf6 17. Bf2 Bb4 18. Bh4 Ne4 19. Qd3 Bxc3 20. bxc3 f6 21. Nf3 Qxf4 22. Be1 Qc7 23. Rb1 b5 24. a4 Nxc3 25. Bxc3 Qxc3 26. axb5 axb5 27. Rxb5 Qxc2 28. Qxc2 Rxc2 29. Re1 Re8 30. Rxd5 Kf7 31. Rd7+ Kg6 32. Re4 h5 33. Re3 Kh6 34. Nh4 Rb8 35. h3 g5 36. Nf3 g4 37. hxg4 hxg4 38. Ne1 Rb1 39. Rxe6 Kg5 40. Rd5+ Kh4 41. Rxf6 Rxe1+ 42. Rf1 Rxf1+ 43. Kxf1 Kg3 44. Re5 Rc1+ 45. Ke2 Kxg2 46. Re3 g3 47. Rd3 Kh2 48. Kf3 Rf1+ 49. Kg4 g2 50. Rh3+ Kg1 51. d5 Rd1 52. Rh5 1-0

[Event "Titled Tuesday intern op 02nd May Early"]
[Site "Chess.com INT"]
[Date "2023.05.02"]
[Round "10"]
[White "Orlov, Georgi"]
[Black "Womacka, Mathias"]
[Result "1/2-1/2"]
[WhiteElo "2453"]
[BlackElo "2396"]
[PlyCount "106"]
[EventDate "2023.05.02"]
[EventType "swiss (blitz)"]
[EventRounds "11"]
[EventCountry "USA"]
[SourceTitle "EXT 2024"]
[Source "ChessBase"]
[SourceDate "2023.10.10"]
[SourceVersion "1"]
[SourceVersionDate "2023.10.10"]
[SourceQuality "1"]

1. d4 Nf6 2. Nf3 e6 3. c4 Bb4+ 4. Bd2 Qe7 5. Nc3 b6 6. Qc2 Bb7 7. 0-0-0 0-0 8. Rg1 c5 9. dxc5 Bxc5 10. e3 d5 11. Kb1 Nbd7 12. cxd5 Nxd5 13. Nxd5 Bxd5 14. Bc4 Nf6 15. Bxd5 Nxd5 16. e4 Nb4 17. Bxb4 Bxb4 18. Ne5 Rac8 19. Qb3 Bc5 20. Rd2 Rfd8 21. Rxd8+ Qxd8 22. Rd1 Qf6 23. Ng4 Qf4 24. Qf3 Qxf3 25. gxf3 h5 26. Ne3 Rc7 27. a3 g6 28. Rd2 Kg7 29. Nc2 Kf6 30. b4 Bf8 31. Rd8 Bh6 32. Kb2 Ke5 33. Rd3 Bf4 34. h3 Bh2 35. Nd4 Bg1 36. Nb5 Re7 37. Rd2 Kf4 38. Nd4 Bh2 39. Rd3 Rc7 40. Ne2+ Ke5 41. Rc3 Rxc3 42. Kxc3 b5 43. Kd3 g5 44. Ke3 Bf4+ 45. Nxf4 gxf4+ 46. Kd3 f6 47. h4 Kd6 48. Kd4 e5+ 49. Kd3 a6 50. Kc3 Kc6 51. Kd3 Kd6 52. Kc3 Kc6 53. Kd3 Kd6 1/2-1/2

[Event "Titled Tuesday intern op 11th Apr Early"]
[Site "Chess.com INT"]
[Date "2023.04.11"]
[Round "3"]
[White "Orlov, Georgi"]
[Black "Sliwicki, Damian"]
[Result "1/2-1/2"]
[WhiteElo "2453"]
[BlackElo "2158"]
[PlyCount "110"]
[EventDate "2023.04.11"]
[EventType "swiss (blitz)"]
[EventRounds "11"]
[EventCountry "USA"]
[SourceTitle "CBM 213 Extra"]
[Source "ChessBase"]
[SourceDate "2023.05.31"]
[SourceVersion "1"]
[SourceVersionDate "2023.05.31"]
[SourceQuality "1"]

1. e4 c5 2. Nf3 g6 3. c3 Bg7 4. d4 cxd4 5. cxd4 d5 6. exd5 Nf6 7. Bb5+ Nbd7 8. Nc3 0-0 9. 0-0 Nb6 10. Re1 Nfxd5 11. Bg5 Be6 12. Ne4 Rc8 13. Nc5 Bg4 14. Nxb7 Qc7 15. Nc5 Bxf3 16. Qxf3 Bxd4 17. Nd3 e6 18. Ba6 Rb8 19. Rac1 Qd7 20. b3 Bg7 21. Nc5 Qd6 22. a4 Nd7 23. Nxd7 Qxd7 24. Bb5 Qd6 25. Rc4 a6 26. Bc6 Qa3 27. Bxd5 exd5 28. Qxd5 Qxb3 29. h4 h6 30. Bf4 Rbd8 31. Qc6 Rc8 32. Qxc8 Rxc8 33. Rxc8+ Kh7 34. Rc7 Bf6 35. g3 Kg7 36. Rec1 Qxa4 37. Rb7 g5 38. hxg5 hxg5 39. Be3 Qa2 40. Rcc7 a5 41. Ra7 a4 42. Kh2 Qb3 43. Bc5 g4 44. Rcb7 Qd5 45. Be3 Qe4 46. Rb5 Qh7+ 47. Kg1 Qd3 48. Rba5 Qb1+ 49. Kh2 Qh7+ 50. Kg2 Qe4+ 51. Kf1 Qd3+ 52. Kg1 Qb1+ 53. Kg2 Qe4+ 54. Kf1 Qb1+ 55. Kg2 Qe4+ 1/2-1/2

[Event "Titled Tuesday intern op 04th Apr Early"]
[Site "Chess.com INT"]
[Date "2023.04.04"]
[Round "7"]
[White "Domingo Nunez, Ruben"]
[Black "Orlov, Georgi"]
[Result "0-1"]
[WhiteElo "2401"]
[BlackElo "2453"]
[PlyCount "84"]
[EventDate "2023.04.04"]
[EventType "swiss (blitz)"]
[EventRounds "11"]
[EventCountry "USA"]
[SourceTitle "EXT 2024"]
[Source "ChessBase"]
[SourceDate "2023.10.10"]
[SourceVersion "1"]
[SourceVersionDate "2023.10.10"]
[SourceQuality "1"]

1. c4 Nf6 2. Nc3 Nc6 3. e4 e5 4. Nf3 Bb4 5. d3 Bxc3+ 6. bxc3 d6 7. h3 0-0 8. Be2 a6 9. 0-0 b5 10. cxb5 axb5 11. Re1 Be6 12. d4 Nxe4 13. Qc2 f5 14. Bxb5 Na5 15. dxe5 Nb3 16. axb3 Rxa1 17. Nd4 Bc8 18. Nc6 Qh4 19. Rf1 dxe5 20. Nxe5 Be6 21. c4 Rfa8 22. Bb2 Rxf1+ 23. Kxf1 Qf4 24. Nd3 Qh2 25. Ne1 Qf4 26. Bc6 Rd8 27. Nf3 Rd2 28. Bxe4 Rxc2 29. Bxc2 Qd6 30. Ke2 h6 31. Be5 Qc5 32. Bd4 Qa3 33. Ne5 f4 34. f3 Qa2 35. Kd2 Bf5 36. Nd3 g5 37. Be5 c6 38. Bd4 Qa5+ 39. Bc3 Qd8 40. Ke2 Qe7+ 41. Kd2 Qe3+ 42. Kd1 Bxd3 0-1

[Event "Titled Tuesday intern op 04th Apr Early"]
[Site "Chess.com INT"]
[Date "2023.04.04"]
[Round "5"]
[White "Orlov, Georgi"]
[Black "Kurmangaliyeva, Liya"]
[Result "1-0"]
[WhiteElo "2453"]
[BlackElo "2288"]
[PlyCount "43"]
[EventDate "2023.04.04"]
[EventType "swiss (blitz)"]
[EventRounds "11"]
[EventCountry "USA"]
[SourceTitle "EXT 2024"]
[Source "ChessBase"]
[SourceDate "2023.10.10"]
[SourceVersion "1"]
[SourceVersionDate "2023.10.10"]
[SourceQuality "1"]

1. e4 c5 2. Nf3 Nc6 3. Bb5 g6 4. Bxc6 bxc6 5. h3 Bg7 6. 0-0 Nf6 7. Nc3 0-0 8. d3 d6 9. a3 e5 10. b4 cxb4 11. axb4 Re8 12. Be3 d5 13. Bxa7 Nd7 14. exd5 cxd5 15. Nxd5 e4 16. Bd4 exf3 17. Rxa8 Bxd4 18. Qxf3 Kg7 19. c3 Be5 20. d4 Bd6 21. c4 Nf6 22. Rxc8 1-0

[Event "Titled Tuesday intern op 28th Mar Early"]
[Site "Chess.com INT"]
[Date "2023.03.28"]
[Round "2"]
[White "Iljin, Timofey"]
[Black "Orlov, Georgi"]
[Result "1-0"]
[WhiteElo "2337"]
[BlackElo "2453"]
[PlyCount "155"]
[EventDate "2023.03.28"]
[EventType "swiss (blitz)"]
[EventRounds "11"]
[EventCountry "USA"]
[SourceTitle "EXT 2024"]
[Source "ChessBase"]
[SourceDate "2023.10.10"]
[SourceVersion "1"]
[SourceVersionDate "2023.10.10"]
[SourceQuality "1"]

1. e4 c5 2. c3 Nf6 3. e5 Nd5 4. d4 cxd4 5. cxd4 d6 6. Nf3 e6 7. exd6 Bxd6 8. Nc3 0-0 9. Bd3 Nf6 10. 0-0 b6 11. Re1 Bb7 12. a3 Nbd7 13. Bc2 Rc8 14. Qd3 g6 15. Bh6 Re8 16. Bb3 Qc7 17. h3 a6 18. Ng5 Bf8 19. Bxf8 Nxf8 20. Rac1 Qd8 21. Rcd1 Nd5 22. Nxd5 Bxd5 23. Bxd5 Qxd5 24. Ne4 Nd7 25. Qxa6 Rc2 26. Qa4 Rc6 27. Nc3 Qc4 28. Qxc4 Rxc4 29. d5 e5 30. d6 f6 31. f3 Kf7 32. Kf2 Rd8 33. Re4 Rc6 34. Ra4 Ke6 35. Nb5 Rc2+ 36. Kg3 Rxb2 37. Nc7+ Kf7 38. Ra7 f5 39. Na6 h6 40. Nb8 Ke6 41. Nc6 Rc8 42. Rc7 Rf8 43. Ne7 g5 44. Ng6 Rf6 45. Ne7 Rb3 46. Nc6 Rf8 47. Ne7 Ra8 48. Ng6 Raxa3 49. Rxd7 Kxd7 50. Nxe5+ Ke6 51. d7 f4+ 52. Kh2 Ra8 53. Nc6 Rb2 54. d8Q Rxd8 55. Nxd8+ Kf5 56. Nc6 Ke6 57. Nd4+ Ke5 58. Nc6+ Ke6 59. Re1+ Kd6 60. Nd4 Rb4 61. Nf5+ Kd5 62. Nxh6 b5 63. Nf7 Kd4 64. Nxg5 Rb2 65. Ne4 b4 66. h4 b3 67. h5 Rc2 68. h6 Rc6 69. Kg1 Rxh6 70. Rb1 Rb6 71. Nd2 Kc3 72. Rxb3+ Rxb3 73. Nxb3 Kxb3 74. g3 Kc4 75. g4 Kd5 76. Kf2 Kd4 77. Ke2 Kd5 78. Kd3 1-0

[Event "Titled Tuesday intern op 28th Mar Early"]
[Site "Chess.com INT"]
[Date "2023.03.28"]
[Round "4"]
[White "Nunez V, Gustavo Eduardo"]
[Black "Orlov, Georgi"]
[Result "1/2-1/2"]
[WhiteElo "2212"]
[BlackElo "2453"]
[PlyCount "124"]
[EventDate "2023.03.28"]
[EventType "swiss (blitz)"]
[EventRounds "11"]
[EventCountry "USA"]
[SourceTitle "EXT 2024"]
[Source "ChessBase"]
[SourceDate "2023.10.10"]
[SourceVersion "1"]
[SourceVersionDate "2023.10.10"]
[SourceQuality "1"]

1. e4 d6 2. Nc3 Nf6 3. g3 c5 4. Bg2 Nc6 5. d3 g6 6. Nge2 Bg7 7. 0-0 0-0 8. h3 Nd7 9. Be3 Nd4 10. Qd2 Rb8 11. a4 a6 12. a5 Nc6 13. Nd5 e6 14. Nb6 Nxb6 15. axb6 Qxb6 16. c3 Bd7 17. b4 Qa7 18. f4 b6 19. bxc5 bxc5 20. Qa2 Rb5 21. Qxa6 Qxa6 22. Rxa6 Rb2 23. Bf3 Rfb8 24. e5 dxe5 25. Bxc5 exf4 26. Nxf4 Rc8 27. d4 Rb3 28. Ne2 h5 29. Rfa1 Rbb8 30. Kf2 Bf8 31. Bxf8 Kxf8 32. Ke3 Ne7 33. R1a2 Bb5 34. Ra8 Nf5+ 35. Kf2 Rxa8 36. Rxa8 Rxa8 37. Bxa8 Bxe2 38. Kxe2 Nxg3+ 39. Kf3 Nf5 40. Ke4 Nd6+ 41. Ke5 Ke7 42. Bc6 g5 43. d5 f6+ 44. Kd4 e5+ 45. Kc5 Ne4+ 46. Kb4 Kd6 47. c4 f5 48. Be8 Nc5 49. Bxh5 f4 50. Kc3 e4 51. Kd4 f3 52. Bg4 Nb3+ 53. Ke3 Ke5 54. Bxf3 exf3 55. Kxf3 Nd2+ 56. Kg4 Nxc4 57. Kxg5 Kxd5 58. h4 Ke6 59. Kg6 Ne5+ 60. Kg7 Ng4 61. h5 Kf5 62. h6 Nxh6 1/2-1/2